Logo BPK

Biblioteka

Politechniki Koszalińskiej

Aktywne pionowe znaki drogowe i urządzenia bezpieczeństwa ruchu drogowego : (Rekord nr 49840)

Szczegóły MARC
000 -ETYKIETA REKORDU
podpole kontrolne o stałej długości 01290nam a2200253 i 4500
001 - NUMER KONTROLNY REKORDU
pole kontrolne bg
022 ## - MIĘDZYNARODOWY ZNORMALIZOWANY NUMER WYDAWNICTW CIĄGŁYCH - ISSN
ISSN 12310638
040 ## - ŹRÓDŁO KATALOGOWANIA
Instytucja, która utworzyła rekord BPK
041 0# - KOD JĘZYKA
Kod języka tekstu pol
044 ## - KOD KRAJU WYDAWCY/PRODUCENTA
Kod kraju wydawcy/producenta POL
080 ## - UNIWERSALNA KLASYFIKACJA DZIESIĘTNA - UKD
UKD 656.1.05(438)(083.1)
008 - POLE O STAŁEJ DŁUGOŚCI - DANE KONTROLNE
podpole kontrolne o stałej długości 100529s2010 pl |000 0 pol
100 1# - NAZWA OSOBOWA
Nazwa osobowa Szczepaniak, Zenon.
245 10 - TYTUŁ/ODPOWIEDZIALNOŚĆ
Tytuł Aktywne pionowe znaki drogowe i urządzenia bezpieczeństwa ruchu drogowego :
Ciąg dalszy tytułu zalecenia IBDiM do udzielania aprobat technicznych nr Z/2010-03-024 /
Pozostałe elementy strefy tytułu i oznaczenia odpowiedzialności [aut. : Zenon Szczepaniak, Leszek Kornalewski] ; Instytut Badawczy Dróg i Mostów. Zakład Technologii Nawierzchni.
260 ## - STREFA ADRESU WYDAWNICZEGO
Miejsce wydania Warszawa :
Nazwa wydawcy/dystrybutora Instytut Badawczy Dróg i Mostów. Branżowy Ośrodek Informacji Naukowej, Technicznej i Ekonomicznej Drogownictwa,
Data publikacji, dystrybucji/powstania dokumentu 2010.
300 ## - STREFA OPISU FIZYCZNEGO
Objętość 36 s. :
Inne cechy fizyczne rys. ;
Rozmiary 24 cm.
490 ## - STREFA SERII I DOKUMENTU WIELOCZĘŚCIOWEGO - FORMA NIE DO WYSZUKIWANIA
Tytuł i oznaczenie odpowiedzialności serii Informacje, Instrukcje / Instytut Badawczy Dróg i Mostów. Branżowy Ośrodek Informacji Naukowej, Technicznej i Ekonomicznej Drogownictwa,
ISSN 1231-0638 ;
Numeracja w obrębie serii z. 80
504 ## - UWAGA DOTYCZĄCA BIBLIOGRAFII
Informacje o bibliografii Bibliogr. s. 34-35.
650 #9 - HASŁO PRZEDMIOTOWE W FORMIE NAZWY OGÓLNEJ LUB JEDNOSTKOWEJ
Nazwa ogólna lub geograficzna Komunikacja drogowa
Określnik ogólny normalizacja
Określnik geograficzny Polska
650 #9 - HASŁO PRZEDMIOTOWE W FORMIE NAZWY OGÓLNEJ LUB JEDNOSTKOWEJ
Nazwa ogólna lub geograficzna Znaki i sygnały drogowe
Określnik ogólny normalizacja
Określnik geograficzny Polska
830 #0 - HASŁO DODATKOWE SERII LUB DOKUMENTU WIELOCZĘŚCIOWEGO - TYTUŁ UJEDNOLICONY
Tytuł ujednolicony Informacje, Instrukcje - Instytut Badawczy Dróg i Mostów,
-- 1231-0638 ;
Oznaczenie tomu z. 80
856 ## - LOKALIZACJA I DOSTĘP DO ELEKTRONICZNYCH DOKUMENTÓW ZDALNYCH
Link (URL) http://koha.tu.koszalin.pl/cgi-bin/koha/opac-detail.pl?biblionumber=49840
Tekst linku Katalog online BPK
942 ## - DODATKOWE ELEMENTY (KOHA)
Typ dokumentu Książka
Egzemplarze
Wycofany Status egzemplarza Uszkodzony Dostępność Lokalizacja stała Lokalizacja bieżąca Miejsce przechowywania Sygnatura Kod kreskowy Dział Typ dokumentu
      Tylko na miejscu Czytelnia Wydziału Elektroniki i Informatyki, Wydziału Architektury i Wzornictwa, Wydziału Inżynierii Mechanicznej i Energetyki oraz Wydziału Inżynierii Lądowej, Środowiska i Geodezji Czytelnia Wydziału Elektroniki i Informatyki, Wydziału Architektury i Wzornictwa, Wydziału Inżynierii Mechanicznej i Energetyki oraz Wydziału Inżynierii Lądowej, Środowiska i Geodezji Czytelnia Wydziałowa ul. Śniadeckich 2 S 2064 02200811 656 Transport. Poczta Książka
© 2023 Biblioteka Politechniki Koszalińskiej :: KOHA